000 00528nam a2200193 a 4500
001 1777708524161
003 YourLibrary
005 20260502132953.0
008 260502s2009##################000#0#eng##
020 _a9780808022022
082 0 4 _a343.04
_bHEN
100 1 _aHenderson, Gordon,
_eauthor.
245 1 0 _aTax Planning for Troubled Corporations (2010) :
260 _bCCH Incorporated,
_c2009.
300 _a1090 pages
650 0 _aBusiness failures.
942 _cENGLISH
040 _aYourLibrary
_beng
_cYourLibrary
999 _c622037
_d622037